000 00566nam a22002297a 4500
999 _c8827
_d8827
001 WIIW0000175
003 OSt
005 20190802144518.0
006 a|||||q|||||00| 0
008 190802t2017 |||||q|||||00| 0 eng d
020 _a978-1-4919-3616-0
040 _cOSt
041 _aeng
100 1 _aNarkhede, Neha
_4aut
245 1 0 _aKafka: the definitive guide.
260 1 _aBeijing
_bO'Reilly
_c2017
300 _a297 S.
_bIll.
650 _aData Analyses & Machine Learning
700 1 _aPalino, Todd
_4aut
700 1 _aShapira, Gwen
_4aut
942 _cE